|
|
|
|
| LEADER |
02459nam a22003975i 4500 |
| 001 |
978-1-4302-1054-2 |
| 003 |
DE-He213 |
| 005 |
20151204191452.0 |
| 007 |
cr nn 008mamaa |
| 008 |
100301s2009 xxu| s |||| 0|eng d |
| 020 |
|
|
|a 9781430210542
|9 978-1-4302-1054-2
|
| 024 |
7 |
|
|a 10.1007/978-1-4302-1054-2
|2 doi
|
| 040 |
|
|
|d GrThAP
|
| 050 |
|
4 |
|a QA75.5-76.95
|
| 072 |
|
7 |
|a UY
|2 bicssc
|
| 072 |
|
7 |
|a COM014000
|2 bisacsh
|
| 082 |
0 |
4 |
|a 004
|2 23
|
| 100 |
1 |
|
|a Fraser, Stephen R. G.
|e author.
|
| 245 |
1 |
0 |
|a Pro Visual C++/CLI and the .NET 3.5 Platform
|h [electronic resource] /
|c by Stephen R. G. Fraser.
|
| 264 |
|
1 |
|a Berkeley, CA :
|b Apress,
|c 2009.
|
| 300 |
|
|
|a 1080 p.
|b online resource.
|
| 336 |
|
|
|a text
|b txt
|2 rdacontent
|
| 337 |
|
|
|a computer
|b c
|2 rdamedia
|
| 338 |
|
|
|a online resource
|b cr
|2 rdacarrier
|
| 347 |
|
|
|a text file
|b PDF
|2 rda
|
| 505 |
0 |
|
|a The C++/CLI Language -- Overview of the .NET Framework -- C++/CLI Basics -- Object-Oriented C++/CLI -- Advanced C++/CLI -- .NET Framework Development in C++/CLI -- The .NET Framework Class Library -- Integrated XML Documentation -- Collections -- Input, Output, and Serialization -- .NET Configuration File Programming -- Basic Windows Forms Applications -- Advanced Windows Forms Applications -- Graphics Using GDI+ -- ADO.NET and Database Development -- XML -- Windows Services -- Web Applications -- Web Services -- Multithreaded Programming -- Network Programming -- Assembly Programming -- Security -- Unsafe/Unmanaged C++/CLI -- Unsafe C++ .NET Programming -- Advanced Unsafe or Unmanaged C++ .NET Programming -- The C++ Support Library.
|
| 520 |
|
|
|a Pro Visual C++/CLI and the .NET 3.5 Platform is about writing .NET applications using C++/CLI. While readers are learning the ins and outs of .NET application development, they will also be learning the syntax of C++, both old and new to .NET. Readers will also gain a good understanding of the .NET architecture. This is truly a .NET book applying C++ as its development language—not another C++ syntax book that happens to cover .NET.
|
| 650 |
|
0 |
|a Computer science.
|
| 650 |
1 |
4 |
|a Computer Science.
|
| 650 |
2 |
4 |
|a Computer Science, general.
|
| 710 |
2 |
|
|a SpringerLink (Online service)
|
| 773 |
0 |
|
|t Springer eBooks
|
| 776 |
0 |
8 |
|i Printed edition:
|z 9781430210535
|
| 856 |
4 |
0 |
|u http://dx.doi.org/10.1007/978-1-4302-1054-2
|z Full Text via HEAL-Link
|
| 912 |
|
|
|a ZDB-2-CWD
|
| 950 |
|
|
|a Professional and Applied Computing (Springer-12059)
|